TIF - Born to run? (Record no. 83617)

MARC details
000 -LEADER
fixed length control field 00790cab a22002055a 4500
001 - CONTROL NUMBER
control field L154433
008 - FIXED-LENGTH DATA ELEMENTS--GENERAL INFORMATION
fixed length control field 111130e20111126xxk 000 0 eng d
035 ## - SYSTEM CONTROL NUMBER
System control number (Sirsi) u154433
041 0# - LANGUAGE CODE
Language code of text/sound track or separate title eng
100 1# - MAIN ENTRY--PERSONAL NAME
Personal name Brigstocke, Christopher
245 00 - TITLE STATEMENT
Title TIF - Born to run?
260 ## - PUBLICATION, DISTRIBUTION, ETC.
Date of publication, distribution, etc. 2011
490 ## - SERIES STATEMENT
Series statement Estates Gazette
Volume/sequential designation (1147) 26 November 2011, 100-101(2)
520 ## - SUMMARY, ETC.
Summary, etc. Looks at the possible adoption of a Tax increment financing (TIF) model from April 2013 in England if plans to reform the National Non-domestic Business Rate (NNDR) go ahead. Scotland is already piloting a number of TIFs for a number of existing projects.
590 ## - LOCAL NOTE (RLIN)
Local note KA
651 #4 - SUBJECT ADDED ENTRY--GEOGRAPHIC NAME
Geographic name UNITED KINGDOM
690 ## - LOCAL SUBJECT ADDED ENTRY--TOPICAL TERM (OCLC, RLIN)
Topical term or geographic name as entry element PROPERTY-COMMERCIAL PROPERTY-COMMERCIAL PROPERTY TAXATION
700 1# - ADDED ENTRY--PERSONAL NAME
Personal name Simpson, Mark
942 ## - ADDED ENTRY ELEMENTS (KOHA)
Suppress in OPAC 0
Holdings
Withdrawn status Lost status Source of classification or shelving scheme Damaged status Not for loan Home library Current library Shelving location Date acquired Total Checkouts Full call number Barcode Date last seen Copy number Price effective from Koha item type
    Dewey Decimal Classification     London London Journal article 30/11/2011   L154433 154433-1001 06/08/2019 1 06/08/2019 Journal article